000 00755nam a2200289Ia 4500
005 20260324113925.0
008 008 260324s9999 xx 000 0 eng d
020 _a9781003354314
037 _aEBOOK
040 _aCRL
040 _beng
040 _cCRL
041 _2eng
041 _aeng
084 _qCRL
100 _aFrank R. Spellman
_91139307
245 0 _aMathematics Manual for Water and Wastewater Treatment Plant Operators: Wastewater Treatment Operations
245 0 _bMath Concepts and Calculations
260 _bTaylor and Francis
260 _c2023
365 _a
365 _b355
856 _uhttp://www.taylorfrancis.com/books/9781003354314
942 _cEBOOK
999 _c1738624
_d1738624